| 000 | 01219nam a2200313 c 4500 | ||
|---|---|---|---|
| 003 | BLK | ||
| 005 | 20240805124507.0 | ||
| 008 | 180408b bul|||||r ||||||| ||bul|| | ||
| 010 | _aKNG00089628000 | ||
| 020 |
_a978-954-775-888-9 _bиздат.: Фабер |
||
| 040 | _aBLK | ||
| 041 |
_aBUL _cBUL |
||
| 080 |
_aБългарска литература _b821.163.2 _x-31 _z821.163.2-31 |
||
| 100 |
_aКалоянов, Анчо _gАнчев, Анчо Йорданов Писател, фолклорист, професор във ВТУ "Кирил и Методии" _d1943 - _9363964 |
||
| 139 |
_aКалоянов, Анчо _bК 18 |
||
| 245 | 1 | 0 |
_aДив огън _bРоман _cАнчо Калоянов. |
| 250 | _a2. изд. | ||
| 257 | _aBGR | ||
| 260 |
_аВ. Търново _bФабер _c2008 |
||
| 300 |
_a304 с. _c22 см |
||
| 380 | _aX | ||
| 500 | _a1. изд. 1997 на изд. Витал - В. Търново. - Анчо Калоянов - псевд. на Анчо Йорданов Анчев | ||
| 852 | _aЦб 244103 | ||
| 856 | 4 |
_qpdf _u |
|
| 856 | 4 |
_qpdf _u |
|
| 942 |
_cKNG _n0 _06 |
||
| 944 |
_aCR _c26.05.2009 _k30531 _lЦветелина Шанова |
||
| 944 |
_aED _c04.06.2009 _k |
||
| 999 |
_c85032 _d85032 |
||